| 000 | 00434nam a2200169 a 4500 | ||
|---|---|---|---|
| 001 | 0000-8975 | ||
| 003 | ELIB.Books | ||
| 008 | 110520 1999 | ||
| 035 | _a(ELIB.Books)0000-9124 | ||
| 082 |
_a253 _bEof |
||
| 100 | _aEofford, Jerry C. | ||
| 245 | _aTransforming Christian Leadership | ||
| 260 |
_bMichigan: Baker Books _c1999 |
||
| 650 | _aPastoral Theology | ||
| 942 |
_2ddc _cBK |
||
| 998 |
_cbat _e2011-05-20 |
||
| 999 |
_c8975 _d8975 |
||